[Event "España ch sub-16 2012"]
[Site "Salobreña ESP"]
[Date "2012.07.20"]
[Round "7.14"]
[White "Nieves Cabanes, Javier"]
[Black "Alvarez Serrano, Carlos"]
[Result "0-1"]
[WhiteElo "2037"]
[BlackElo "1857"]
[PlyCount "90"]
[EventDate "2012.07.16"]
[EventType "swiss"]
[EventRounds "9"]
[EventCountry "ESP"]
[Source "lmi"]
[SourceDate "2012.07.16"]

1. d4 Nf6 2. c4 e6 3. Nc3 Bb4 4. e3 c5 5. Bd3 d5 6. Nge2 Nc6 7. O-O dxc4 8.
Bxc4 O-O 9. a3 cxd4 10. exd4 Be7 11. Qd3 Qa5 12. Bf4 Rd8 13. Nb5 Rd7 14. Bg3 a6
15. Nbc3 b5 16. Ba2 Bb7 17. Qe3 Rad8 18. d5 exd5 19. b4 d4 20. Nxd4 Qb6 21. Nf5
Qxe3 22. Nxe3 Rd3 23. Rac1 Nd4 24. Kh1 a5 25. Bb1 Nb3 26. Bxd3 Rxd3 27. Nf5 Bf8
28. Rc2 g6 29. Be5 Ng4 30. Nd4 Nxd4 31. Bxd4 Rxd4 32. Nxb5 Rd3 33. h3 Rxh3+ 34.
Kg1 Rb3 35. Rc3 Rxc3 36. Nxc3 axb4 37. axb4 Bxb4 38. Rc1 Bc5 39. Nd1 Bd6 40.
Rb1 Bd5 41. Nc3 Be6 42. f3 Nf6 43. Kh1 Kg7 44. Rb7 Nh5 45. Rb6 Bf8 0-1

[Event "España ch sub-16 2012"]
[Site "Salobreña ESP"]
[Date "2012.07.20"]
[Round "7.15"]
[White "Dierssen Garcia-Barredo, Guillermo"]
[Black "Martin Perez, Laura"]
[Result "0-1"]
[WhiteElo "1854"]
[BlackElo "2019"]
[PlyCount "70"]
[EventDate "2012.07.16"]
[EventType "swiss"]
[EventRounds "9"]
[EventCountry "ESP"]
[Source "lmi"]
[SourceDate "2012.07.16"]

1. d4 Nf6 2. c4 c5 3. d5 b5 4. Qc2 bxc4 5. e4 d6 6. Bxc4 g6 7. Nf3 Bg7 8. O-O
O-O 9. Re1 Nfd7 10. Bd2 Ba6 11. Bxa6 Nxa6 12. Bc3 Nf6 13. Qe2 Qb6 14. a3 Nc7
15. a4 Qa6 16. Qd2 Rad8 17. b3 e6 18. Qb2 e5 19. Na3 Nh5 20. Nc4 Nf4 21. Rad1
f5 22. g3 fxe4 23. Rxe4 Nfxd5 24. Ng5 Nxc3 25. Qxc3 d5 26. Rh4 h6 27. Nxe5 hxg5
28. Rg4 Qf6 29. f4 Ne6 30. Qc2 Qf5 31. Qe2 Bxe5 32. fxe5 Nd4 33. Rdxd4 cxd4 34.
h3 d3 35. Qd2 Qf1+ 0-1

[Event "España ch sub-16 2012"]
[Site "Salobreña ESP"]
[Date "2012.07.20"]
[Round "7.16"]
[White "Monge Gilgado, Eva Maria"]
[Black "Lopez Caudevilla, David"]
[Result "1-0"]
[WhiteElo "1847"]
[BlackElo "1999"]
[PlyCount "109"]
[EventDate "2012.07.16"]
[EventType "swiss"]
[EventRounds "9"]
[EventCountry "ESP"]
[Source "lmi"]
[SourceDate "2012.07.16"]

1. e4 d6 2. d4 Nf6 3. Nc3 g6 4. f3 Bg7 5. Be3 O-O 6. Qd2 Nbd7 7. Bh6 e5 8. d5
a6 9. h4 Nh5 10. Nge2 b5 11. g4 Nhf6 12. O-O-O Nc5 13. h5 Qe7 14. Bxg7 Kxg7 15.
hxg6 fxg6 16. Qh6+ Kg8 17. Ng3 b4 18. Nb1 Rb8 19. Be2 Qg7 20. Qh2 Kh8 21. Rdg1
Bd7 22. g5 Ng8 23. Nd2 a5 24. Qh4 Rf4 25. Qh2 Ne7 26. Qg2 Rf7 27. Rh6 Rg8 28.
Qh2 Qf8 29. Rh1 Rgg7 30. Ndf1 Ng8 31. Rh4 Ne7 32. Ne3 Kg8 33. Bf1 Qd8 34. Bh3
Bxh3 35. Qxh3 Qd7 36. Ng4 Kh8 37. Nf6 Qxh3 38. R4xh3 Ng8 39. Ne8 Ne7 40. Nxg7
Rxg7 41. Nf1 Nc8 42. Ne3 Nb6 43. Ng4 Nbd7 44. Kd2 Nb7 45. c3 Nd8 46. cxb4 axb4
47. Rc1 Nc5 48. Nf6 Nf7 49. Rg3 Nd8 50. Rh1 Nd7 51. Ne8 Re7 52. Nxc7 Nb6 53.
Nb5 Nb7 54. Rc1 Rd7 55. b3 1-0

[Event "España ch sub-16 2012"]
[Site "Salobreña ESP"]
[Date "2012.07.20"]
[Round "7.17"]
[White "Prado Acebo, Ines"]
[Black "Buendia Pinar, Alvaro"]
[Result "0-1"]
[WhiteElo "1825"]
[BlackElo "1999"]
[PlyCount "90"]
[EventDate "2012.07.16"]
[EventType "swiss"]
[EventRounds "9"]
[EventCountry "ESP"]
[Source "lmi"]
[SourceDate "2012.07.16"]

1. d4 c6 2. c4 d5 3. Nf3 e6 4. e3 Nf6 5. Nc3 Nbd7 6. Be2 dxc4 7. Bxc4 b5 8. Bd3
a6 9. O-O Bb7 10. e4 Be7 11. e5 Nd5 12. Nxd5 cxd5 13. Bd2 O-O 14. Qe2 Re8 15.
Ne1 f5 16. f4 Qb6 17. Be3 Nb8 18. g4 g6 19. Qg2 Kh8 20. Nf3 Nc6 21. h4 Rg8 22.
g5 Kg7 23. Kf2 Nb4 24. Ne1 Rac8 25. Kg3 Nxd3 26. Nxd3 Rgd8 27. b3 b4 28. Qd2
Qb5 29. Rac1 a5 30. Nb2 Ba6 31. Rfe1 Kf7 32. Qh2 Bf8 33. h5 Bb7 34. Na4 Qd3 35.
Nc5 Rxc5 36. hxg6+ Kxg6 37. dxc5 d4 38. c6 Ba8 39. c7 Rc8 40. Qd2 Qe4 41. Bxd4
Qf3+ 42. Kh2 Qh5+ 43. Kg1 Qh1+ 44. Kf2 Qg2+ 45. Ke3 Qf3# 0-1

[Event "España ch sub-16 2012"]
[Site "Salobreña ESP"]
[Date "2012.07.20"]
[Round "7.18"]
[White "Serarols Mabras, Bernat"]
[Black "Garrido Piriz, Pablo"]
[Result "0-1"]
[WhiteElo "1974"]
[BlackElo "1831"]
[PlyCount "104"]
[EventDate "2012.07.16"]
[EventType "swiss"]
[EventRounds "9"]
[EventCountry "ESP"]
[Source "lmi"]
[SourceDate "2012.07.16"]

1. d4 Nf6 2. c4 g6 3. Nc3 Bg7 4. Nf3 O-O 5. Bf4 d6 6. e3 Nh5 7. Bg5 h6 8. Bh4
g5 9. Nd2 Nf6 10. Bg3 Bf5 11. f3 c5 12. d5 Nbd7 13. e4 Bg6 14. h4 Ne5 15. hxg5
hxg5 16. Bf2 e6 17. dxe6 fxe6 18. Qb3 Nh5 19. g3 Nc6 20. Ne2 Qf6 21. Bh3 Ne5
22. f4 g4 23. Bg2 Rab8 24. O-O Nc6 25. Rab1 Nd4 26. Nxd4 cxd4 27. Qa3 e5 28. f5
Bf7 29. Qxa7 Bh6 30. Rfd1 Ra8 31. Qb6 Bg5 32. Qb3 Qh6 33. Qd3 Rxa2 34. Nb3 Ra4
35. c5 Bc4 36. Qc2 Be3 37. Nxd4 exd4 38. Rxd4 Bxd4 39. Bxd4 Nxg3 40. Qxa4 Ne2+
41. Kf1 Ba6 42. Qb3+ Kh7 43. Be3 Nc3+ 44. Kf2 g3+ 45. Kf3 Be2+ 46. Kxg3 Qxe3+
47. Kh2 Qf4+ 48. Kg1 Qe3+ 49. Kh2 Qh6+ 50. Kg1 Nxb1 51. Qc2 Qe3+ 52. Kh1 Rf6
0-1

[Event "España ch sub-16 2012"]
[Site "Salobreña ESP"]
[Date "2012.07.20"]
[Round "7.19"]
[White "Orantes Taboada, Manuel"]
[Black "Bernal Gomez, Alejandro"]
[Result "1-0"]
[WhiteElo "1963"]
[BlackElo "1785"]
[PlyCount "55"]
[EventDate "2012.07.16"]
[EventType "swiss"]
[EventRounds "9"]
[EventCountry "ESP"]
[Source "lmi"]
[SourceDate "2012.07.16"]

1. e4 c5 2. Nc3 Nc6 3. Bb5 g6 4. Bxc6 dxc6 5. d3 Bg7 6. Be3 b6 7. Qd2 Nf6 8.
Bh6 O-O 9. Bxg7 Kxg7 10. f4 Qc7 11. Nf3 a5 12. O-O Ba6 13. b3 Rad8 14. e5 Nd5
15. Ne4 Nb4 16. Nf2 c4 17. f5 gxf5 18. bxc4 Bc8 19. c3 Na6 20. d4 Kh8 21. Qh6
Rg8 22. Ng5 Rg7 23. Nfh3 f4 24. Nxf4 Rdg8 25. h4 Bg4 26. e6 Bxe6 27. Nfxe6 fxe6
28. Nf7+ 1-0

[Event "España ch sub-16 2012"]
[Site "Salobreña ESP"]
[Date "2012.07.20"]
[Round "7.20"]
[White "Castillo Rodriguez, Angel Luis"]
[Black "Abal Cores, Lucas"]
[Result "1-0"]
[WhiteElo "1805"]
[BlackElo "1951"]
[PlyCount "49"]
[EventDate "2012.07.16"]
[EventType "swiss"]
[EventRounds "9"]
[EventCountry "ESP"]
[Source "lmi"]
[SourceDate "2012.07.16"]

1. e4 c5 2. c4 Nc6 3. Nc3 g6 4. g3 Bg7 5. Bg2 d6 6. Nge2 Nf6 7. O-O O-O 8. d3
Ne8 9. Be3 Nd4 10. f4 Nc7 11. Rb1 a5 12. b3 Bg4 13. h3 Bxe2 14. Nxe2 Nce6 15.
f5 Nxe2+ 16. Qxe2 Nd4 17. Qd2 Qd7 18. Bh6 Bxh6 19. Qxh6 Rab8 20. Kh2 e5 21. f6
Ne6 22. h4 b5 23. Bh3 bxc4 24. Rf5 gxf5 25. Bxf5 1-0

[Event "España ch sub-16 2012"]
[Site "Salobreña ESP"]
[Date "2012.07.20"]
[Round "7.21"]
[White "Moreno Valero, Ivan"]
[Black "Sanchez Garcia, Julio"]
[Result "0-1"]
[WhiteElo "1809"]
[BlackElo "2108"]
[PlyCount "68"]
[EventDate "2012.07.16"]
[EventType "swiss"]
[EventRounds "9"]
[EventCountry "ESP"]
[Source "lmi"]
[SourceDate "2012.07.16"]

1. d4 Nf6 2. c4 e6 3. Nf3 b6 4. Nc3 Bb4 5. Bd2 Bb7 6. e3 O-O 7. Bd3 d6 8. O-O
Nbd7 9. Re1 e5 10. Ne4 Bxe4 11. Bxe4 Bxd2 12. Nxd2 Nxe4 13. Nxe4 f5 14. Ng3 Qh4
15. dxe5 Nxe5 16. Qd5+ Kh8 17. h3 f4 18. exf4 Qxf4 19. Re2 Nxc4 20. Nh5 Qf7 21.
Qxf7 Rxf7 22. Rc1 Na5 23. Rec2 c5 24. Ng3 Nc6 25. Ne2 d5 26. Rd2 d4 27. a4 Re8
28. Kf1 g5 29. Rc4 Kg7 30. b3 Na5 31. Rcc2 Nxb3 32. Rd3 Na5 33. Rg3 h6 34. h4
Rf5 0-1

[Event "España ch sub-16 2012"]
[Site "Salobreña ESP"]
[Date "2012.07.20"]
[Round "7.22"]
[White "Perez Pardo, Sergio Ivan"]
[Black "Jimenez Almeida, Luis David"]
[Result "0-1"]
[WhiteElo "1805"]
[BlackElo "2097"]
[PlyCount "98"]
[EventDate "2012.07.16"]
[EventType "swiss"]
[EventRounds "9"]
[EventCountry "ESP"]
[Source "lmi"]
[SourceDate "2012.07.16"]

1. e4 c5 2. Nf3 Nc6 3. d4 cxd4 4. Nxd4 Nf6 5. Nc3 e5 6. Ndb5 d6 7. Bg5 a6 8.
Na3 b5 9. Nd5 Be7 10. Bxf6 Bxf6 11. c3 O-O 12. Be2 Bg5 13. O-O Ne7 14. Nc2 Be6
15. Ncb4 g6 16. Bf3 a5 17. Nxe7+ Qxe7 18. Nd5 Qb7 19. Re1 Bxd5 20. exd5 Rfc8
21. Qd3 f5 22. Be2 Rc5 23. Rad1 Bf6 24. f3 b4 25. c4 Rac8 26. b3 Ra8 27. Rb1
Qg7 28. Bd1 Qh6 29. g3 Rac8 30. Kg2 Qf8 31. Re2 Qd8 32. Re1 Kg7 33. Re2 Qb6 34.
Bc2 Bd8 35. Rd1 Qa7 36. Bb1 Bb6 37. Bc2 a4 38. Red2 axb3 39. Bxb3 Ra5 40. Qe2
Re8 41. Qd3 Qe7 42. Re2 h5 43. Rde1 h4 44. Qd2 Bc5 45. Qd1 Rh8 46. Qb1 Qg5 47.
Qd3 hxg3 48. hxg3 Qh5 49. Rc2 Qh3# 0-1

[Event "España ch sub-16 2012"]
[Site "Salobreña ESP"]
[Date "2012.07.20"]
[Round "7.23"]
[White "Perez Pardo, Adrian Jason"]
[Black "Capote Robayna, Nathaniel"]
[Result "1/2-1/2"]
[WhiteElo "1788"]
[BlackElo "2044"]
[PlyCount "78"]
[EventDate "2012.07.16"]
[EventType "swiss"]
[EventRounds "9"]
[EventCountry "ESP"]
[Source "lmi"]
[SourceDate "2012.07.16"]

1. e4 e6 2. d4 d5 3. Nc3 Nf6 4. Bg5 Bb4 5. e5 h6 6. Bd2 Bxc3 7. bxc3 Ne4 8. Nf3
c5 9. Bd3 Nxd2 10. Qxd2 c4 11. Be2 Qa5 12. O-O Qa3 13. Kh1 Nc6 14. Ng1 b5 15.
Rfb1 Rb8 16. Bd1 b4 17. Ne2 bxc3 18. Nxc3 Rxb1 19. Rxb1 O-O 20. Bh5 Ba6 21. h3
Qa5 22. Rb2 Rd8 23. f4 g6 24. Bf3 Qa3 25. Rb1 Nb4 26. Nb5 Bxb5 27. Qxb4 Qxb4
28. Rxb4 Bc6 29. c3 Kg7 30. g4 Rd7 31. Kg2 Rb7 32. Rxb7 Bxb7 33. Bd1 Bc6 34.
Kf3 a5 35. Bc2 a4 36. a3 Bd7 37. h4 Bc6 38. f5 g5 39. h5 Kf8 1/2-1/2

[Event "España ch sub-16 2012"]
[Site "Salobreña ESP"]
[Date "2012.07.20"]
[Round "7.24"]
[White "Valero Gutierrez, Alvaro"]
[Black "Gonzalez Santamartina, Jorge"]
[Result "0-1"]
[WhiteElo "1927"]
[BlackElo "1795"]
[PlyCount "60"]
[EventDate "2012.07.16"]
[EventType "swiss"]
[EventRounds "9"]
[EventCountry "ESP"]
[Source "lmi"]
[SourceDate "2012.07.16"]

1. e4 e5 2. Nf3 Nc6 3. d4 exd4 4. Bc4 Nf6 5. e5 d5 6. Bb5 Ne4 7. Nxd4 Bd7 8.
Bxc6 bxc6 9. O-O Bc5 10. Be3 O-O 11. f3 Ng5 12. f4 Ne4 13. Nd2 f5 14. Nxe4 fxe4
15. Kh1 Bb6 16. c3 Qe7 17. Qe2 Rad8 18. Rad1 a5 19. Qf2 c5 20. Nc2 Bb5 21. Rfe1
Bd3 22. g3 Qe6 23. Rc1 Bxc2 24. Qxc2 d4 25. cxd4 cxd4 26. Bg1 e3 27. Qc4 Qxc4
28. Rxc4 d3 29. Re4 e2 30. e6 d2 0-1

[Event "España ch sub-16 2012"]
[Site "Salobreña ESP"]
[Date "2012.07.20"]
[Round "8.1"]
[White "Martin Duque, Jesus"]
[Black "Suarez Garcia, Carlos"]
[Result "1/2-1/2"]
[WhiteElo "2241"]
[BlackElo "2306"]
[PlyCount "61"]
[EventDate "2012.07.16"]
[EventType "swiss"]
[EventRounds "9"]
[EventCountry "ESP"]
[Source "lmi"]
[SourceDate "2012.07.16"]

1. e4 c5 2. Nf3 e6 3. d4 cxd4 4. Nxd4 Nc6 5. Nc3 Qc7 6. Be2 a6 7. O-O Nf6 8.
Be3 Bb4 9. Na4 Be7 10. Nb6 Qxb6 11. Nxe6 Qa5 12. Nxg7+ Kf8 13. Bh6 Rg8 14. Nf5+
Ke8 15. Re1 Qe5 16. Ng7+ Kd8 17. Bc4 Bf8 18. Nf5 Ng4 19. Bxf8 Qxh2+ 20. Kf1
Nxf2 21. Qf3 Rxf8 22. Qxf2 Qh1+ 23. Ke2 Qh5+ 24. Kf1 Qh1+ 25. Ke2 Qh5+ 26. Kf1
Qh1+ 27. Ke2 Qh5+ 28. Kf1 Qh1+ 29. Ke2 Qh5+ 30. Kf1 Qh1+ 31. Ke2 1/2-1/2

[Event "España ch sub-16 2012"]
[Site "Salobreña ESP"]
[Date "2012.07.20"]
[Round "8.2"]
[White "Santos Latasa, Jaime"]
[Black "Nicolas Zapata, Irene"]
[Result "1-0"]
[WhiteElo "2399"]
[BlackElo "2235"]
[PlyCount "84"]
[EventDate "2012.07.16"]
[EventType "swiss"]
[EventRounds "9"]
[EventCountry "ESP"]
[Source "lmi"]
[SourceDate "2012.07.16"]

1. e4 c5 2. Nf3 d6 3. d4 cxd4 4. Nxd4 Nf6 5. Nc3 g6 6. Be3 Bg7 7. f3 Nc6 8. Bc4
O-O 9. Bb3 Nxd4 10. Bxd4 Be6 11. Qd2 Qa5 12. O-O-O Rfc8 13. Kb1 b5 14. Rhe1
Bxb3 15. cxb3 b4 16. Nd5 Nxd5 17. exd5 Bxd4 18. Qxd4 Rc7 19. h4 Qc5 20. Qxc5
dxc5 21. d6 exd6 22. Rxd6 Kf8 23. Kc2 c4 24. Re4 Rac8 25. Rdd4 cxb3+ 26. Kxb3
Rc2 27. Rd8+ Rxd8 28. Kxc2 a5 29. Re5 a4 30. Re4 Rc8+ 31. Kd3 Rd8+ 32. Rd4 Rb8
33. b3 axb3 34. axb3 Ke7 35. Kc4 Ke6 36. Kc5 Rc8+ 37. Kxb4 Rc2 38. g4 Rf2 39.
Re4+ Kd6 40. Rf4 f5 41. gxf5 Ke5 42. f6 Kd5 1-0

[Event "España ch sub-16 2012"]
[Site "Salobreña ESP"]
[Date "2012.07.20"]
[Round "8.3"]
[White "Montoliu Cervero, Francisco"]
[Black "Marchena Hurtado, Javier"]
[Result "1-0"]
[WhiteElo "2230"]
[BlackElo "2085"]
[PlyCount "151"]
[EventDate "2012.07.16"]
[EventType "swiss"]
[EventRounds "9"]
[EventCountry "ESP"]
[Source "lmi"]
[SourceDate "2012.07.16"]

1. e4 c6 2. d4 d5 3. Nc3 dxe4 4. Nxe4 Nd7 5. Ng5 Ngf6 6. Bd3 e6 7. N1f3 Bd6 8.
Qe2 h6 9. Ne4 Nxe4 10. Qxe4 Nf6 11. Qe2 Qb6 12. c4 c5 13. Be3 cxd4 14. Bxd4
Bb4+ 15. Kf1 Bc5 16. Bc3 Bb4 17. Bd4 Bc5 18. Bc3 Bb4 19. Be5 Be7 20. h3 Bd7 21.
Kg1 Bd6 22. Kh2 O-O 23. Rhd1 Bxe5+ 24. Nxe5 Bc6 25. Nxc6 Qxc6 26. Qc2 Rfd8 27.
Be2 e5 28. Kg1 e4 29. b4 Qc7 30. c5 Qe5 31. Qb3 Rd7 32. Bc4 Rc7 33. Rac1 Rf8
34. Qa3 a6 35. Qe3 Re8 36. a4 Rec8 37. Bf1 a5 38. bxa5 Rxc5 39. Rxc5 Rxc5 40.
a6 bxa6 41. Bxa6 Rc3 42. Qd4 Qxd4 43. Rxd4 Rc1+ 44. Kh2 Kf8 45. Bb7 Ra1 46.
Bxe4 Nxe4 47. Rxe4 h5 48. h4 Ra3 49. g3 g6 50. Kg2 Kg7 51. Rf4 Kf8 52. Kf1 Ra2
53. Ke1 Kg7 54. Kd1 f6 55. Ke1 Kf7 56. Kd1 Kg7 57. Kc1 g5 58. Kb1 Re2 59. Rf3
Kg6 60. Ra3 Rxf2 61. a5 Re2 62. a6 Re8 63. a7 Ra8 64. Kc2 Kf5 65. Ra4 gxh4 66.
gxh4 Ke5 67. Kd3 f5 68. Ke3 Ke6 69. Kf4 Kf6 70. Ra6+ Kf7 71. Kxf5 Kg7 72. Kg5
Kf7 73. Kxh5 Rh8+ 74. Kg5 Rg8+ 75. Kf5 Ra8 76. Ke4 1-0

[Event "España ch sub-16 2012"]
[Site "Salobreña ESP"]
[Date "2012.07.20"]
[Round "8.4"]
[White "Rojano Alfonso, Carlos"]
[Black "Navarrete Espi, Samuel"]
[Result "0-1"]
[WhiteElo "2084"]
[BlackElo "2197"]
[PlyCount "82"]
[EventDate "2012.07.16"]
[EventType "swiss"]
[EventRounds "9"]
[EventCountry "ESP"]
[Source "lmi"]
[SourceDate "2012.07.16"]

1. d4 Nf6 2. c4 c5 3. d5 b5 4. Nf3 g6 5. Qc2 bxc4 6. Nc3 d6 7. e4 Bg7 8. Bxc4
O-O 9. O-O Nbd7 10. h3 Nb6 11. Be2 e6 12. dxe6 Bxe6 13. Rd1 Qe7 14. Ng5 d5 15.
exd5 Nfxd5 16. Nxe6 fxe6 17. Ne4 Bd4 18. Bg4 e5 19. Bg5 Rxf2 20. Nxf2 Qxg5 21.
Qe4 Rf8 22. Be6+ Kg7 23. Bxd5 Rxf2 24. Rxd4 Rf4 25. Rd3 Rxe4 26. Bxe4 c4 27.
Ra3 a5 28. Rd1 Qf4 29. Bc6 a4 30. Bxa4 c3 31. Rxc3 Qxa4 32. Re1 Qd4+ 33. Kh1
Nd5 34. Rc2 Nf4 35. Kh2 h5 36. b3 e4 37. a4 e3 38. a5 Qe4 39. Ra2 e2 40. Rexe2
Nxe2 41. a6 Qf4+ 0-1

[Event "España ch sub-16 2012"]
[Site "Salobreña ESP"]
[Date "2012.07.20"]
[Round "8.5"]
[White "Santos Ruiz, Miguel"]
[Black "Shen, Yue"]
[Result "0-1"]
[WhiteElo "2106"]
[BlackElo "2148"]
[PlyCount "82"]
[EventDate "2012.07.16"]
[EventType "swiss"]
[EventRounds "9"]
[EventCountry "ESP"]
[Source "lmi"]
[SourceDate "2012.07.16"]

1. e4 c6 2. d4 d5 3. f3 e6 4. Nc3 Nf6 5. Bg5 h6 6. Bxf6 Qxf6 7. Nge2 b6 8. Qd2
Bb7 9. O-O-O Qd8 10. e5 Be7 11. f4 c5 12. Kb1 Nc6 13. g4 Qd7 14. Bg2 O-O-O 15.
Qe3 Kb8 16. Qg3 Nxd4 17. Nxd4 cxd4 18. Ne2 Rc8 19. Nxd4 Ba6 20. Bf1 Bc4 21.
Bxc4 Rxc4 22. Rhf1 Rhc8 23. f5 Bc5 24. c3 Bxd4 25. cxd4 Qa4 26. b3 Qb4 27. Qf2
Rc3 28. fxe6 fxe6 29. Rc1 a5 30. Rxc3 Qxc3 31. Rd1 a4 32. Qb2 Qf3 33. Rc1 Qd3+
34. Rc2 a3 35. Qc1 Rxc2 36. Qxc2 Qxd4 37. Qe2 Qc3 38. Qf2 Kb7 39. Qf7+ Ka6 40.
Qf1+ b5 41. Qe2 Kb6 0-1

[Event "España ch sub-16 2012"]
[Site "Salobreña ESP"]
[Date "2012.07.20"]
[Round "8.6"]
[White "Diaz Camallonga, Carles"]
[Black "Iglesias Garcia, Jorge"]
[Result "1-0"]
[WhiteElo "2144"]
[BlackElo "1912"]
[PlyCount "87"]
[EventDate "2012.07.16"]
[EventType "swiss"]
[EventRounds "9"]
[EventCountry "ESP"]
[Source "lmi"]
[SourceDate "2012.07.16"]

1. e4 e6 2. d4 d5 3. Nc3 dxe4 4. Nxe4 Nd7 5. Nf3 Ngf6 6. Nxf6+ Nxf6 7. Bd3 Be7
8. Qe2 Bd7 9. Ne5 c5 10. dxc5 Qa5+ 11. c3 Qxc5 12. Nxd7 Nxd7 13. Be3 Qc7 14.
Rd1 O-O 15. Bxh7+ Kxh7 16. Qd3+ f5 17. Qxd7 Qxd7 18. Rxd7 Bf6 19. Rxb7 Rfb8 20.
Rxb8 Rxb8 21. Bc1 e5 22. Ke2 g5 23. Rd1 Rb7 24. c4 e4 25. b3 Kg6 26. Rd6 Kf7
27. Ra6 f4 28. Ba3 Bd4 29. Rh6 Bg7 30. Rd6 Be5 31. Rd5 Ke6 32. h3 Rf7 33. Ra5
f3+ 34. gxf3 exf3+ 35. Ke3 Rh7 36. Kxf3 Rxh3+ 37. Kg2 g4 38. Bc5 a6 39. Rxa6+
Kf5 40. Ra5 Ke4 41. Ra8 Rh2+ 42. Kg1 g3 43. Re8 gxf2+ 44. Bxf2 1-0

[Event "España ch sub-16 2012"]
[Site "Salobreña ESP"]
[Date "2012.07.20"]
[Round "8.7"]
[White "Nuñez Miranda, Adrian"]
[Black "Moreno Ibañez, Miguel"]
[Result "1/2-1/2"]
[WhiteElo "1909"]
[BlackElo "2055"]
[PlyCount "61"]
[EventDate "2012.07.16"]
[EventType "swiss"]
[EventRounds "9"]
[EventCountry "ESP"]
[Source "lmi"]
[SourceDate "2012.07.16"]

1. e4 c5 2. Nf3 d6 3. Bb5+ Nd7 4. O-O a6 5. Bxd7+ Bxd7 6. c3 Nf6 7. Re1 g6 8.
d4 cxd4 9. cxd4 d5 10. e5 Ne4 11. Ng5 Nxg5 12. Bxg5 Bg7 13. Qb3 Bc6 14. Nc3 Qd7
15. a4 h6 16. Be3 O-O 17. a5 Kh7 18. Na4 Qf5 19. Nc5 Rab8 20. Qd3 Qxd3 21. Nxd3
Bb5 22. Nc5 e6 23. Bd2 Rfc8 24. Rec1 Rc6 25. Ra3 Rbc8 26. Bb4 g5 27. Rac3 f6
28. Nxe6 fxe5 29. Rxc6 Rxc6 30. Rxc6 bxc6 31. Nxg7 1/2-1/2

[Event "España ch sub-16 2012"]
[Site "Salobreña ESP"]
[Date "2012.07.20"]
[Round "8.8"]
[White "Martin Perez, Laura"]
[Black "Domingo Nuñez, Ruben"]
[Result "1/2-1/2"]
[WhiteElo "2019"]
[BlackElo "1887"]
[PlyCount "72"]
[EventDate "2012.07.16"]
[EventType "swiss"]
[EventRounds "9"]
[EventCountry "ESP"]
[Source "lmi"]
[SourceDate "2012.07.16"]

1. e4 c5 2. Nf3 d6 3. d4 cxd4 4. Qxd4 Bd7 5. c4 Nc6 6. Qd2 g6 7. Be2 Bg7 8. O-O
Nf6 9. Nc3 O-O 10. Rb1 Rc8 11. b3 Be6 12. Bb2 Qa5 13. Rfe1 Rfe8 14. h3 Nd7 15.
Ba1 Nde5 16. Nxe5 Nxe5 17. Rbd1 Nc6 18. Nd5 Bxa1 19. Qxa5 Nxa5 20. Rxa1 Nc6 21.
Rad1 Kf8 22. f4 Bxd5 23. exd5 Nb8 24. Bg4 Rc7 25. Re3 a5 26. Be2 Nd7 27. Kf2
Ra8 28. a3 a4 29. b4 Nb6 30. Rd4 Rac8 31. Rc3 Nd7 32. Re3 Nb6 33. Rc3 Nd7 34.
b5 Rc5 35. Ke1 Nb6 36. Kd2 R8c7 1/2-1/2

[Event "España ch sub-16 2012"]
[Site "Salobreña ESP"]
[Date "2012.07.20"]
[Round "8.9"]
[White "Buendia Pinar, Alvaro"]
[Black "Monge Gilgado, Eva Maria"]
[Result "1-0"]
[WhiteElo "1999"]
[BlackElo "1847"]
[PlyCount "35"]
[EventDate "2012.07.16"]
[EventType "swiss"]
[EventRounds "9"]
[EventCountry "ESP"]
[Source "lmi"]
[SourceDate "2012.07.16"]

1. d4 d5 2. c4 e6 3. Nc3 Nf6 4. cxd5 exd5 5. Bg5 Be7 6. e3 O-O 7. Bd3 b6 8.
Nge2 Bb7 9. O-O Nbd7 10. Re1 c5 11. Ng3 c4 12. Bc2 Re8 13. Nf5 Bb4 14. Qf3 Bxc3
15. bxc3 Qc7 16. Ba4 Bc6 17. Bf4 Qb7 18. Nd6 1-0

[Event "España ch sub-16 2012"]
[Site "Salobreña ESP"]
[Date "2012.07.20"]
[Round "8.10"]
[White "Alvarez Serrano, Carlos"]
[Black "Orantes Taboada, Manuel"]
[Result "1/2-1/2"]
[WhiteElo "1857"]
[BlackElo "1963"]
[PlyCount "61"]
[EventDate "2012.07.16"]
[EventType "swiss"]
[EventRounds "9"]
[EventCountry "ESP"]
[Source "lmi"]
[SourceDate "2012.07.16"]

1. e4 c5 2. Nf3 Nc6 3. Bb5 g6 4. Bxc6 dxc6 5. d3 Bg7 6. h3 e5 7. Be3 Qe7 8.
Nbd2 Nf6 9. O-O O-O 10. a3 a5 11. Nc4 Nd7 12. a4 b6 13. Qd2 Ba6 14. b3 f6 15.
Bh6 Bxh6 16. Qxh6 Qg7 17. Qe3 Rae8 18. Nfd2 f5 19. f3 f4 20. Qe1 g5 21. Nd6 Rb8
22. Nf5 Qf6 23. Nc4 Rfd8 24. Qc3 Bxc4 25. bxc4 Nf8 26. Rab1 Ne6 27. Kf2 Nd4 28.
Nxd4 exd4 29. Qe1 Qe5 30. Ke2 h5 31. Qd1 1/2-1/2

[Event "España ch sub-16 2012"]
[Site "Salobreña ESP"]
[Date "2012.07.20"]
[Round "8.11"]
[White "Garrido Piriz, Pablo"]
[Black "Perez Barreto, Adrian"]
[Result "1-0"]
[WhiteElo "1831"]
[BlackElo "1961"]
[PlyCount "51"]
[EventDate "2012.07.16"]
[EventType "swiss"]
[EventRounds "9"]
[EventCountry "ESP"]
[Source "lmi"]
[SourceDate "2012.07.16"]

1. e4 c5 2. Ne2 Nf6 3. Nbc3 Nc6 4. g3 e6 5. Bg2 Qc7 6. O-O Be7 7. d4 cxd4 8.
Nxd4 a6 9. h3 Nxd4 10. Qxd4 Bc5 11. Qd3 h5 12. Be3 d6 13. Bxc5 Qxc5 14. Rad1
Ke7 15. Na4 Qc7 16. Qa3 Nd7 17. f4 f6 18. Rd2 a5 19. Rfd1 Ra6 20. Bf1 Ra8 21.
Rxd6 Kf7 22. f5 Nf8 23. Qb3 Rb8 24. Bb5 g6 25. fxe6+ Ke7 26. Qa3 1-0

[Event "España ch sub-16 2012"]
[Site "Salobreña ESP"]
[Date "2012.07.20"]
[Round "8.12"]
[White "Castillo Rodriguez, Angel Luis"]
[Black "Ordoñez Torres, Maria Del Carmen"]
[Result "1-0"]
[WhiteElo "1805"]
[BlackElo "1913"]
[PlyCount "111"]
[EventDate "2012.07.16"]
[EventType "swiss"]
[EventRounds "9"]
[EventCountry "ESP"]
[Source "lmi"]
[SourceDate "2012.07.16"]

1. e4 e5 2. Nf3 Nc6 3. Bb5 a6 4. Bxc6 dxc6 5. O-O Bg4 6. c3 Qf6 7. d4 Bxf3 8.
Qxf3 Qxf3 9. gxf3 exd4 10. cxd4 O-O-O 11. Be3 f5 12. Nc3 Nf6 13. Rad1 h6 14.
Bf4 Bb4 15. e5 Nd5 16. Ne2 Rd7 17. Rd3 Rhd8 18. Rfd1 Ba5 19. Bd2 Bb6 20. Bc3 g5
21. Ng3 Ne7 22. Nh5 Nd5 23. Ng3 Nf4 24. R3d2 Rf7 25. Re1 Ne6 26. Red1 Nf4 27.
Re1 Re8 28. a3 h5 29. Ne2 Nxe2+ 30. Rdxe2 Re6 31. h3 Rd7 32. Rd2 Rd5 33. Red1
Kd7 34. Kh2 Rg6 35. Rd3 Ke6 36. R3d2 Rg8 37. Kg2 Rgd8 38. f4 g4 39. hxg4 fxg4
40. Rh1 Rh8 41. Kg3 Kf5 42. f3 gxf3 43. Kxf3 Rd7 44. Rg1 Rf7 45. Rg5+ Ke6 46.
Ke4 Rhf8 47. Rf2 Rf5 48. Rg6+ Kd7 49. Bb4 c5 50. dxc5 Ba7 51. c6+ Ke8 52. Re6+
Kd8 53. Rd2+ Kc8 54. Bxf8 Rxf8 55. cxb7+ Kxb7 56. Rh6 1-0